Historia del mundo contemporáneo: curso de orientación universitaria

Saved in:
Bibliografiske detaljer
Hovedforfatter: Fernández, Antonio (Author)
Format: Bog
Sprog:spansk
Udgivet: Barcelona Vicens-Vives 1998
Udgivelse:1a. ed
Fag:
Tags: Tilføj Tag
Ingen Tags, Vær først til at tagge denne postø!

MARC

LEADER 00000nam a2200000 a 4500
001 UCH4116
003 CL-VaPUC
008 090818e19980000SP |||||||||||||||||spa|d
020 |a 8431632933 
082 0 4 |a 909.8  |b FER  |2 21 
100 0 |a Fernández, Antonio  |e author  |9 539614 
245 1 0 |a Historia del mundo contemporáneo: curso de orientación universitaria 
250 |a 1a. ed 
300 |a 588 p 
942 |c BK 
945 |d 20090818 00:00:00  |a lazolas 
260 |a Barcelona  |b Vicens-Vives  |c 1998 
650 0 |a Historia moderna, siglos 18-20  |9 331199 
583 |a last modification  |c 20160901 10:40:32  |k Rodrigo Vera 
999 |c 335461  |d 335459